000 00623nam a2200181Ia 4500
005 20250508163452.0
008 008 250505s9999 xx 000 0 eng d
037 _aBooks to be hide in OPAC
040 _aFEDL
_beng
_cFEDL
041 _aeng
_2eng
084 _a379.15, ADM/O
_qFEDL
245 0 _aComparative study of the district education administration in Andhra Pradesh and Karnataka
245 0 _cADMINISTRATIVE STAFF COLLEGE OF INDIA. HYDERABAD
260 _aHyderabad, India
_bAdministrative Staff College of India
300 _a104p.
942 _cHB
_h379.15, ADM/O
999 _c1383489
_d1383489